Cours de mecanique physique... / (Record no. 35453)
[ view plain ]
| 000 -LEADER | |
|---|---|
| campo de control de longitud fija | 01107nam a2200193 i 4500 |
| 001 - NÚMERO DE CONTROL | |
| campo de control | 35453 |
| 003 - IDENTIFICADOR DE NÚMERO DE CONTROL | |
| campo de control | ES-MaACL |
| 005 - FECHA Y HORA DE LA ÚLTIMA TRANSACCIÓN | |
| campo de control | 20250814045706.0 |
| 007 - CAMPO FIJO DE DESCRIPCIÓN FÍSICA--INFORMACIÓN GENERAL | |
| campo de control de longitud fija | t| |
| 008 - DATOS DE LONGITUD FIJA--INFORMACIÓN GENERAL | |
| campo de control de longitud fija | 030213m19071909fr ||||1| fre d |
| 100 0# - ENTRADA PRINCIPAL--NOMBRE DE PERSONA | |
| Nombre de persona | Bouasse, H. |
| 9 (RLIN) | 30820 |
| 245 10 - MENCIÓN DEL TÍTULO | |
| Título | Cours de mecanique physique... / |
| Mención de responsabilidad, etc. | par Henri Pierre Maxime Bouasse. |
| 260 ## - PUBLICACIÓN, DISTRIBUCIÓN, ETC. | |
| Lugar de publicación, distribución, etc. | Paris : |
| Nombre del editor, distribuidor, etc. | Delagrave, |
| Fecha de publicación, distribución, etc. | [1907-1909] |
| 300 ## - DESCRIPCIÓN FÍSICA | |
| Extensión | 6 t. en 9 v. ; |
| Dimensiones | 25 cm. |
| 505 8# - NOTA DE CONTENIDO CON FORMATO | |
| Nota de contenido con formato | Contiene: T.I: Mecanique rationelle et expérimentale.-- T.II: Première partie. Cours de thermodynamique. Principes généraux. Gaz et vapeurs. Deuxième partie. Machines thermiques. Chimiephysique. -- T.III: Primère partie. Cours de magnétisme et d'electricité. Etude du champ magnétique. Deuxième partie. Applications. Aimants et electros. Compesations des compas. Dynamos. Alternateurs... Troisième partie. Etude du champ electrique. -- T.IV: Cours de physique. Optique. Etude des intruments. -- T.V: Electrotique. Ondes hertiennes. -- T.VI: Etude des symétries |
| 650 07 - PUNTO DE ACCESO ADICIONAL DE MATERIA--TÉRMINO DE MATERIA | |
| Término de materia o nombre geográfico como elemento de entrada | Mecánica |
| Fuente del encabezamiento o término | embne |
| 9 (RLIN) | 14869 |
| 852 ## - LOCALIZACIÓN | |
| Ubicación | ES-MaACL |
| Número de control de estantería | B-4851-59 |
| Estatus retirado | Estado de pérdida | Estado de daño | No para préstamo | Biblioteca de origen | Biblioteca actual | Ubicación en estantería | Fecha de adquisición | Fuente de adquisición | Total de préstamos | Signatura topográfica completa | Código de barras | Visto por última vez | Precio de reemplazo | Tipo de ítem Koha |
|---|---|---|---|---|---|---|---|---|---|---|---|---|---|---|
| Biblioteca del Ateneo de Madrid | Biblioteca del Ateneo de Madrid | Sala Pardo Bazán | 17/01/2008 | B-4851-59 | 1037096 | 23/02/2023 | 23/02/2023 | Libro impreso |
